LIBRARY & INFORMATION CENTRE, KCAET, TAVANUR

ONLINE PUBLIC ACCESS CATALOGUE (OPAC)

Introduction to soil mechanics / (Record no. 9198)

MARC details
000 -LEADER
fixed length control field 00480cam a2200193ua 4500
041 ## - LANGUAGE CODE
Language code of text/sound track or separate title eng
082 ## - DEWEY DECIMAL CLASSIFICATION NUMBER
Classification number 624.15136
Item number DAS/IN
100 ## - MAIN ENTRY--AUTHOR NAME
Personal name Das, Braja M .
245 ## - TITLE STATEMENT
Title Introduction to soil mechanics /
250 ## - EDITION STATEMENT
Edition statement 1 /
260 ## - PUBLICATION, DISTRIBUTION, ETC. (IMPRINT)
Place of publication Newyork :
Name of publisher Galgotia publication pvt ltd ,
Year of publication 1989.
300 ## - PHYSICAL DESCRIPTION
Number of Pages 164 ; .
942 ## - ADDED ENTRY ELEMENTS (KOHA)
Koha item type Books
Holdings
Withdrawn status Lost status Damaged status Home library Current library Date acquired Full call number Accession Number Koha item type
      KAUAET KAUAET 07/04/2012 624.15136 DAS/IN 18424 Books
      KAUAET KAUAET 09/03/1987 624.15136 DAS/IN 16053 Books
free website counter